| 000 | 00411cam a2200169ua 4500 | ||
|---|---|---|---|
| 041 |
_aeng _h |
||
| 082 |
_a796.334 _bMAT/SO |
||
| 100 | _aMathur, B K . | ||
| 245 |
_aSoccer alamanac 1978 and who`s who / _cB K Mathur. _hTextual Documents |
||
| 250 |
_a1 / _b. |
||
| 260 |
_a : _bAkhil Publications , _c1978. |
||
| 300 | _a104 ; . | ||
| 500 | _a13836 Ref | ||
| 504 | _a | ||
| 942 | _cBK | ||
| 999 |
_c8491 _d8491 |
||